University Home | Library Home | Institutional Repository

Trade Development and Transport in Southern Sfrica (Record no. 112856)

MARC details
000 -LEADER
fixed length control field 00396cas a2200133 4500
008 - FIXED-LENGTH DATA ELEMENTS--GENERAL INFORMATION
fixed length control field 090323n eng u
035 ## - SYSTEM CONTROL NUMBER
System control number (Sirsi) a164514
050 ## - LIBRARY OF CONGRESS CALL NUMBER
Classification number ECA HF3900.Z5 TRA 2008
110 ## - MAIN ENTRY--CORPORATE NAME
Corporate name or jurisdiction name as entry element Econonic Commission for Africa
245 ## - TITLE STATEMENT
Title Trade Development and Transport in Southern Sfrica
260 ## - PUBLICATION, DISTRIBUTION, ETC.
Place of publication, distribution, etc. Addis Ababa, Ethopia
300 ## - PHYSICAL DESCRIPTION
Extent xii, 67p. :
Other physical details il.
650 ## - SUBJECT ADDED ENTRY--TOPICAL TERM
Topical term or geographic name entry element Transportation
Holdings
Withdrawn status Lost status Source of classification or shelving scheme Damaged status Not for loan Home library Current library Shelving location Total Checkouts Full call number Barcode Date last seen Copy number Price effective from Koha item type
    Library of Congress Classification     Main Library Main Library General Stacks   ECA HF 3900.Z5 TRA 2008 33729005208108 08/19/2019 2 08/19/2019 Book
    Library of Congress Classification     Main Library Main Library Special collections   ECA HF 3900.Z5 TRA 2008 33729005207852 08/19/2019 4 08/19/2019 Book
    Library of Congress Classification     Main Library Main Library General Stacks   ECA HF 3900.Z5 TRA 2008 33729005207910 08/19/2019 5 08/19/2019 Book
    Library of Congress Classification     Main Library Main Library General Stacks   ECA HF 3900.Z5 TRA 2008 33729005207977 08/19/2019 6 08/19/2019 Book
    Library of Congress Classification     Main Library Main Library Special collections   ECA HF 3900.Z5 TRA 2008 33729005208033 08/19/2019 7 08/19/2019 Book
© 2026 - The University of Zambia Library - Koha v25.11